000 00793nam a2200193Ia 4500
999 _c2738
_d2738
003 DO-SdBJH
005 20180417030142.0
008 180414s9999 dr 000 0 spa d
040 _aDO-SdBJH
_bspa
_cDO-SdBJH
090 _aDM C 200 2009
110 _aInstituto de Cooperación para la Seguridad Hemisférica
245 1 0 _aCurso de operaciones conjuntas libro de lectura y hojas avanzadas / Instituto de Cooperación para la Seguridad Hemisférica
260 _aFuerte Benning, Georgia : Cuartel General Secretaría del Ejército, 2009
300 _aiv, 677 páginas en varias paginaciones
490 _aBloque C200 : Estudios estratégicos
504 _aIncluye material de referencia y apéndices
650 4 _aOperaciones conjuntas -- Lecturas y hojas avanzadas
942 _2ddc
_cBK